000 00319nam a2200121Ia 4500
005 20260328101531.0
008 260328s9999||||xx |||||||||||||| ||und||
100 _aGottling, Carlos
245 0 _aVeinte AƱos y Veinte Obras /
_cCarlos Gottling
260 _bColegio de Arquitectos
650 _aARGENTINA
942 _cBK
999 _c10003
_d10003